Quality control and industrial statistics
Uloženo v:
| Hlavní autor: | |
|---|---|
| Médium: | Kniha |
| Jazyk: | English |
| Vydáno: |
Homewood, Illinois : Richard D. Irwin,
1968
|
| Témata: | |
| Tagy: |
Přidat tag
Žádné tagy, Buďte první, kdo vytvoří štítek k tomuto záznamu!
|
MARC
| LEADER | 00000nam a2200000Ia 4500 | ||
|---|---|---|---|
| 003 | 002161 | ||
| 005 | 20221231144000.0 | ||
| 008 | 140114s9999 ilua 000 ||eng d | ||
| 040 | |c cru CEDI | ||
| 082 | |a 658.562 D911q3 | ||
| 100 | |a Duncan, Acheson Johnston, n. 1904 |9 21337 | ||
| 245 | |a Quality control and industrial statistics | ||
| 260 | |a Homewood, Illinois : Richard D. Irwin, |c 1968 | ||
| 300 | |a xix,992 páginas ;ilustraciones | ||
| 650 | |x CONTROL DE CALIDAD |9 21338 | ||
| 942 | |2 ddc |c BK | ||
| 999 | |c 15148 |d 15148 | ||
